<?xml version="1.0" encoding="UTF-8"?>
<record
    xmlns:xsi="http://www.w3.org/2001/XMLSchema-instance"
    xsi:schemaLocation="http://www.loc.gov/MARC21/slim http://www.loc.gov/standards/marcxml/schema/MARC21slim.xsd"
    xmlns="http://www.loc.gov/MARC21/slim">

  <leader>03056nam a2200373   4500</leader>
  <controlfield tag="001">77</controlfield>
  <controlfield tag="003">OSt</controlfield>
  <controlfield tag="005">20250528074011.0</controlfield>
  <controlfield tag="008">250123b        |||||||g |||| 00| 1 eng d</controlfield>
  <datafield tag="020" ind1=" " ind2=" ">
    <subfield code="a">9788599296554</subfield>
  </datafield>
  <datafield tag="040" ind1=" " ind2=" ">
    <subfield code="b">por</subfield>
  </datafield>
  <datafield tag="041" ind1=" " ind2=" ">
    <subfield code="h">eng</subfield>
    <subfield code="a">por</subfield>
  </datafield>
  <datafield tag="082" ind1=" " ind2=" ">
    <subfield code="a">813</subfield>
    <subfield code="b">B877s</subfield>
  </datafield>
  <datafield tag="100" ind1="1" ind2=" ">
    <subfield code="a">Brown, Dan,</subfield>
    <subfield code="d">1964-</subfield>
    <subfield code="9">179</subfield>
  </datafield>
  <datafield tag="240" ind1=" " ind2=" ">
    <subfield code="a">The Lost Symbol</subfield>
  </datafield>
  <datafield tag="245" ind1=" " ind2=" ">
    <subfield code="a">O Simbolo Perdido /</subfield>
    <subfield code="c">Brown, Dan ; Tradu&#xE7;&#xE3;o de Fernanda Abreu</subfield>
  </datafield>
  <datafield tag="260" ind1=" " ind2=" ">
    <subfield code="a">Rio de Janeiro</subfield>
    <subfield code="b">Sextante</subfield>
    <subfield code="c">2009</subfield>
  </datafield>
  <datafield tag="300" ind1=" " ind2=" ">
    <subfield code="a">489 p.</subfield>
  </datafield>
  <datafield tag="490" ind1="1" ind2=" ">
    <subfield code="a">Saga Robert Langdon</subfield>
    <subfield code="v">Livro 03</subfield>
  </datafield>
  <datafield tag="500" ind1=" " ind2=" ">
    <subfield code="a">O S&#xED;mbolo Perdido

Sequ&#xEA;ncia de: O c&#xF3;digo Da Vinci</subfield>
  </datafield>
  <datafield tag="520" ind1=" " ind2=" ">
    <subfield code="a">Depois de ter sobrevivido a uma explos&#xE3;o no Vaticano e a uma ca&#xE7;ada humana em Paris, Robert Langdon est&#xE1; de volta com seus profundos conhecimentos de simbologia e sua brilhante habilidade para solucionar problemas. Em O s&#xED;mbolo perdido, o c&#xE9;lebre professor de Harvard &#xE9; convidado &#xE0;s pressas por seu amigo e mentor Peter Solomon - eminente ma&#xE7;om e filantropo - a dar uma palestra no Capit&#xF3;lio dos Estados Unidos. Ao chegar l&#xE1;, descobre que caiu numa armadilha. N&#xE3;o h&#xE1; palestra nenhuma, Solomon est&#xE1; desaparecido e, ao que tudo indica, correndo grande perigo. Mal'akh, o sequestrador, acredita que os fundadores de Washington, a maioria deles mestres ma&#xE7;ons, esconderam na cidade um tesouro capaz de dar poderes sobre-humanos a quem o encontrasse. E est&#xE1; convencido de que Langdon &#xE9; a &#xFA;nica pessoa que pode localiz&#xE1;-lo. Vendo que essa &#xE9; sua &#xFA;nica chance de salvar Solomon, o simbologista se lan&#xE7;a numa corrida alucinada pelos principais pontos da capital americana: o Capit&#xF3;lio, a Biblioteca do Congresso, a Catedral Nacional e o Centro de Apoio dos Museus Smithsonian. Neste labirinto de verdades ocultas, c&#xF3;digos ma&#xE7;&#xF4;nicos e s&#xED;mbolos escondidos, Langdon conta com a ajuda de Katherine, irm&#xE3; de Peter e renomada cientista que investiga o poder que a mente humana tem de influenciar o mundo f&#xED;sico. O tempo est&#xE1; contra eles. E muitas outras pessoas parecem envolvidas nesta trama que amea&#xE7;a a seguran&#xE7;a nacional, entre elas Inoue Sato, autoridade m&#xE1;xima do Escrit&#xF3;rio de Seguran&#xE7;a da CIA, e Warren Bellamy, respons&#xE1;vel pela administra&#xE7;&#xE3;o do Capit&#xF3;lio. Como Langdon j&#xE1; aprendeu em suas outras aventuras, quando se trata de segredos e poder, nunca se pode dizer ao certo de que lado cada um est&#xE1;. Nas m&#xE3;os de Dan Brown, Washington se revela t&#xE3;o fascinante quanto o Vaticano ou Paris. Em O S&#xED;mbolo Perdido, ele desperta o interesse dos leitores por temas t&#xE3;o variados como ci&#xEA;ncia no&#xE9;tica, teoria das supercordas e grandes obras de arte, os desafiando a abrir a mente para novos conhecimentos.</subfield>
  </datafield>
  <datafield tag="650" ind1=" " ind2="0">
    <subfield code="a">Literatura Americana</subfield>
    <subfield code="9">84</subfield>
  </datafield>
  <datafield tag="650" ind1=" " ind2="0">
    <subfield code="a">Suspense</subfield>
    <subfield code="9">10</subfield>
  </datafield>
  <datafield tag="650" ind1=" " ind2="0">
    <subfield code="a">Mist&#xE9;rio</subfield>
    <subfield code="9">42</subfield>
  </datafield>
  <datafield tag="650" ind1=" " ind2="0">
    <subfield code="a">Aventura</subfield>
    <subfield code="9">47</subfield>
  </datafield>
  <datafield tag="650" ind1=" " ind2="0">
    <subfield code="a">Hist&#xF3;rico</subfield>
    <subfield code="9">53</subfield>
  </datafield>
  <datafield tag="650" ind1=" " ind2="0">
    <subfield code="a">Politica</subfield>
    <subfield code="9">138</subfield>
  </datafield>
  <datafield tag="650" ind1=" " ind2="0">
    <subfield code="a">Ma&#xE7;onaria</subfield>
    <subfield code="9">184</subfield>
  </datafield>
  <datafield tag="655" ind1=" " ind2="0">
    <subfield code="a">Romance</subfield>
    <subfield code="9">23</subfield>
  </datafield>
  <datafield tag="655" ind1=" " ind2="0">
    <subfield code="a">Fic&#xE7;&#xE3;o </subfield>
    <subfield code="9">22</subfield>
  </datafield>
  <datafield tag="700" ind1=" " ind2=" ">
    <subfield code="a">Fernanda Abreu</subfield>
    <subfield code="e">Tradutor</subfield>
    <subfield code="9">185</subfield>
  </datafield>
  <datafield tag="830" ind1=" " ind2=" ">
    <subfield code="a">Saga Robert Langdon</subfield>
    <subfield code="9">181</subfield>
    <subfield code="v">Livro 03</subfield>
  </datafield>
  <datafield tag="942" ind1=" " ind2=" ">
    <subfield code="2">ddc</subfield>
    <subfield code="n">0</subfield>
    <subfield code="c">BK</subfield>
  </datafield>
  <datafield tag="952" ind1=" " ind2=" ">
    <subfield code="0">0</subfield>
    <subfield code="1">0</subfield>
    <subfield code="2">ddc</subfield>
    <subfield code="3">Livro 03</subfield>
    <subfield code="4">0</subfield>
    <subfield code="7">0</subfield>
    <subfield code="8">FIC</subfield>
    <subfield code="a">BIBIB</subfield>
    <subfield code="b">BIBIB</subfield>
    <subfield code="c">LE</subfield>
    <subfield code="d">2013-12-20</subfield>
    <subfield code="e">doa&#xE7;&#xE3;o</subfield>
    <subfield code="l">0</subfield>
    <subfield code="o">813 / B877s</subfield>
    <subfield code="p">2025-14855</subfield>
    <subfield code="r">2025-01-23 08:06:13</subfield>
    <subfield code="w">2025-01-23</subfield>
    <subfield code="y">BK</subfield>
  </datafield>
  <datafield tag="952" ind1=" " ind2=" ">
    <subfield code="0">0</subfield>
    <subfield code="1">0</subfield>
    <subfield code="2">ddc</subfield>
    <subfield code="4">0</subfield>
    <subfield code="7">0</subfield>
    <subfield code="8">FIC</subfield>
    <subfield code="a">BIBIB</subfield>
    <subfield code="b">BIBIB</subfield>
    <subfield code="c">IJ</subfield>
    <subfield code="d">2026-05-20</subfield>
    <subfield code="e">doa&#xE7;&#xE3;o</subfield>
    <subfield code="l">0</subfield>
    <subfield code="o">813 / B877s</subfield>
    <subfield code="p">2026-17454</subfield>
    <subfield code="r">2026-05-20 08:33:09</subfield>
    <subfield code="w">2026-05-20</subfield>
    <subfield code="y">BK</subfield>
  </datafield>
  <datafield tag="999" ind1=" " ind2=" ">
    <subfield code="c">77</subfield>
    <subfield code="d">77</subfield>
  </datafield>
</record>
